| 000 -LEADER |
| fixed length control field |
00569nam a2200229Ia 4500 |
| 001 - CONTROL NUMBER |
| control field |
14487 |
| 003 - CONTROL NUMBER IDENTIFIER |
| control field |
GE_BSU |
| 008 - FIXED-LENGTH DATA ELEMENTS--GENERAL INFORMATION |
| fixed length control field |
181216s||||||||xx |||||||||||||| ||und|| |
| 020 ## - INTERNATIONAL STANDARD BOOK NUMBER |
| International Standard Book Number |
9780593055359 |
| 040 ## - CATALOGING SOURCE |
| Transcribing agency |
GE_BSU |
| 080 ## - UNIVERSAL DECIMAL CLASSIFICATION NUMBER |
| Universal Decimal Classification number |
159 |
| 100 ## - MAIN ENTRY--PERSONAL NAME |
| Personal name |
McKenna,Paul |
| 245 ## - TITLE STATEMENT |
| Title |
Instant Confidence! The Power to go for Anything you Want |
| 245 ## - TITLE STATEMENT |
| Statement of responsibility, etc. |
Edited by Michael Neill |
| 260 ## - PUBLICATION, DISTRIBUTION, ETC. |
| Place of publication, distribution, etc. |
London |
| 260 ## - PUBLICATION, DISTRIBUTION, ETC. |
| Name of publisher, distributor, etc. |
Bantam press |
| 260 ## - PUBLICATION, DISTRIBUTION, ETC. |
| Date of publication, distribution, etc. |
2006 |
| 300 ## - PHYSICAL DESCRIPTION |
| Extent |
223p.21cm |
| 653 ## - INDEX TERM--UNCONTROLLED |
| Uncontrolled term |
Instant Confidence! |
| 653 ## - INDEX TERM--UNCONTROLLED |
| Uncontrolled term |
The Power to go for Anything you Want |
| 942 ## - ADDED ENTRY ELEMENTS (KOHA) |
| Koha item type |
წიგნი |